| 000 | 01230 a2200265 4500 | ||
|---|---|---|---|
| 999 |
_c11416 _d11416 |
||
| 020 | _a9780141011059 | ||
| 050 | 0 | 0 |
_aRA 643 _bEPS 2007 |
| 100 | 1 |
_aEpstein, Helen, _d1961- |
|
| 245 | 1 | 4 |
_aThe invisible cure : _bAfrica, the West, and the fight against AIDS / _cHelen Epstein. |
| 250 | _a1st ed. | ||
| 264 |
_aNew York: _bPenguin Books, _c2007 |
||
| 300 |
_a326 pages _billustrations |
||
| 336 |
_2rdacontent _atext _btxt |
||
| 337 |
_2rdamedia _aunmediated _bn |
||
| 338 |
_2rdacarrier _avolume _bnc |
||
| 504 | _aIncludes bibliographical references (p. 273-312) and index. | ||
| 650 | 0 | _aAIDS (Disease) | |
| 650 | 0 |
_aAIDS (Disease) _xSocial aspects |
|
| 856 | 4 | 1 |
_3Table of contents only _uhttp://www.loc.gov/catdir/toc/ecip073/2006035679.html |
| 856 | 4 | 2 |
_3Contributor biographical information _uhttp://www.loc.gov/catdir/enhancements/fy0703/2006035679-b.html |
| 856 | 4 | 2 |
_3Publisher description _uhttp://www.loc.gov/catdir/enhancements/fy0703/2006035679-d.html |
| 856 | 4 | 1 |
_3Sample text _uhttp://www.loc.gov/catdir/enhancements/fy0727/2006035679-s.html |
| 942 |
_2lcc _cBK _h643 _iEPS _kRA |
||